[Event "XXVIII Memorial Edoardo Crespi B"]
[Site "Milano ITA"]
[Date "2007.12.08"]
[Round "5"]
[White "Centofante, Maria Rosa"]
[Black "Marino, Marco"]
[Result "0-1"]
[WhiteElo "1544"]
[BlackElo "1858"]
[PlyCount "60"]
[EventDate "2007.12.06"]

1. d4 Nf6 2. Nf3 g6 3. c4 Bg7 4. Nc3 d6 5. e4 O-O 6. Be2 e5 7. d5 a5 8. Be3 Na6
9. a3 Bd7 10. O-O b6 11. Qd2 Nc5 12. Bxc5 bxc5 13. Qc2 Nh5 14. Ne1 Nf4 15. Nd3
Qg5 16. Nxf4 exf4 17. Kh1 Be5 18. Bf3 Qh4 19. Ne2 f5 20. g3 Qf6 21. Rae1 fxe4
22. Bxe4 Bh3 23. Bg2 Bxg2+ 24. Kxg2 f3+ 25. Kh1 fxe2 26. Qxe2 a4 27. b4 Qf3+
28. Qxf3 Rxf3 29. b5 Rxa3 30. f4 Bd4 0-1

[Event "XXVIII Memorial Edoardo Crespi B"]
[Site "Milano ITA"]
[Date "2007.12.08"]
[Round "5"]
[White "Cervesato, Ivan"]
[Black "Landais, Federico"]
[Result "0-1"]
[WhiteElo "1667"]
[BlackElo "1795"]
[PlyCount "66"]
[EventDate "2007.12.06"]

1. c4 Nf6 2. Nc3 g6 3. g3 Bg7 4. Bg2 c5 5. e3 O-O 6. Nge2 d6 7. O-O Nc6 8. d4
Bd7 9. b3 Qc8 10. Re1 a6 11. Bb2 Rb8 12. a4 Nb4 13. Na2 Nxa2 14. Rxa2 b5 15. d5
bxc4 16. bxc4 Bh3 17. Qc2 Bxg2 18. Kxg2 Qg4 19. f3 Qd7 20. Rb1 Rb4 21. Nc1 Rfb8
22. Nd3 Rb3 23. Raa1 Qb7 24. Kf2 Nxd5 25. cxd5 Bxb2 26. Ra2 Bf6 27. Rd1 Rc3 28.
Qb2 Qa8 29. Qe2 Qxd5 30. Nb4 Qh5 31. Nxa6 Qxh2+ 32. Kf1 Qxe2+ 33. Rxe2 Rbb3 0-1

[Event "XXVIII Memorial Edoardo Crespi B"]
[Site "Milano ITA"]
[Date "2007.12.08"]
[Round "5"]
[White "Cetta, Andrea"]
[Black "Silari, Andrea"]
[Result "1-0"]
[WhiteElo "1727"]
[BlackElo "1721"]
[PlyCount "75"]
[EventDate "2007.12.06"]

1. d4 Nf6 2. c4 g6 3. Nc3 Bg7 4. e4 d6 5. Be2 O-O 6. Bg5 Nbd7 7. Qd2 h5 8. f3
Nh7 9. Bh6 Ndf6 10. Bxg7 Kxg7 11. h3 e5 12. g4 h4 13. f4 exf4 14. Qxf4 g5 15.
Qe3 Re8 16. Bd3 Nd7 17. O-O-O f6 18. Nf3 c6 19. Rde1 Qb6 20. Bc2 Ndf8 21. Qd3
Be6 22. Re3 Bf7 23. Rhe1 Rad8 24. Qe2 Ng6 25. e5 Nf4 26. exf6+ Nxf6 27. Qf1
Rxe3 28. Rxe3 Kh6 29. Nxh4 Kg7 30. Nf5+ Kf8 31. b3 Bg6 32. Qd1 Ng2 33. Re6 Bxf5
34. Rxf6+ Kg7 35. Rxf5 Ne3 36. Rxg5+ Kh6 37. Rh5+ Kg7 38. Qd3 1-0

[Event "XXVIII Memorial Edoardo Crespi B"]
[Site "Milano ITA"]
[Date "2007.12.08"]
[Round "5"]
[White "Colombo, Luca"]
[Black "Melino, Gianluca"]
[Result "0-1"]
[WhiteElo "1791"]
[BlackElo "1819"]
[PlyCount "58"]
[EventDate "2007.12.06"]

1. e4 c5 2. Nf3 Nc6 3. d4 cxd4 4. Nxd4 Nf6 5. Nc3 e5 6. Ndb5 d6 7. Bg5 a6 8.
Na3 b5 9. Nd5 Be7 10. Nxe7 Nxe7 11. f3 Be6 12. c4 O-O 13. cxb5 axb5 14. Qd2 d5
15. Bxb5 Qb6 16. Bxf6 gxf6 17. Bd3 dxe4 18. fxe4 Rad8 19. Nc2 Bc4 20. Nb4 Nc6
21. Nxc6 Rxd3 22. Ne7+ Kh8 23. Qh6 Qb4+ 24. Kf2 Qxb2+ 25. Ke1 Qxa1+ 26. Kf2
Qb2+ 27. Ke1 Qb4+ 28. Kf2 Qxe7 29. Rb1 Qc5+ 0-1

[Event "XXVIII Memorial Edoardo Crespi B"]
[Site "Milano ITA"]
[Date "2007.12.08"]
[Round "5"]
[White "Di Chiara, Mauro"]
[Black "Giovannini, Roberto"]
[Result "1-0"]
[WhiteElo "1747"]
[BlackElo "2013"]
[PlyCount "33"]
[EventDate "2007.12.06"]

1. d4 d5 2. Nf3 Bg4 3. Ne5 Nf6 4. Nxg4 Nxg4 5. e4 Nf6 6. e5 Nfd7 7. Bd3 e6 8.
O-O c5 9. c4 cxd4 10. cxd5 exd5 11. e6 fxe6 12. Qh5+ Ke7 13. b3 Nc6 14. Ba3+
Kf6 15. Qf3+ Kg5 16. h4+ Kxh4 17. g3+ 1-0

[Event "XXVIII Memorial Edoardo Crespi B"]
[Site "Milano ITA"]
[Date "2007.12.08"]
[Round "5"]
[White "Dogic, Mirhad"]
[Black "Di Paola, Antonio"]
[Result "1-0"]
[WhiteElo "1759"]
[BlackElo "1806"]
[PlyCount "99"]
[EventDate "2007.12.06"]

1. e4 c6 2. Nf3 d5 3. exd5 cxd5 4. d4 Bg4 5. Be2 e6 6. O-O Nf6 7. Bg5 Be7 8. c3
O-O 9. Nbd2 Nc6 10. Ne5 Bxe2 11. Qxe2 Qc7 12. Bf4 Bd6 13. Rac1 Rfb8 14. Ndf3 b5
15. Ng5 Nd8 16. Bg3 h6 17. Ngf3 a5 18. b3 Qe7 19. Nd2 Ba3 20. Rc2 Rb6 21. f4
Nd7 22. Ndf3 Nxe5 23. fxe5 Nc6 24. Ne1 Rc8 25. Bf2 Qe8 26. Nd3 Nb8 27. Be3 Nd7
28. Qg4 Kf8 29. Nf4 f5 30. Qh4 Be7 31. Qh3 Bg5 32. g4 g6 33. Nd3 Qe7 34. Qg3
Bxe3+ 35. Qxe3 Qg5 36. Qxg5 hxg5 37. Ne1 Rbc6 38. Rf3 Kg7 39. h3 b4 40. c4 dxc4
41. gxf5 gxf5 42. bxc4 Rxc4 43. Rg2 Kg6 44. Nd3 Kh6 45. h4 b3 46. hxg5+ Kg6 47.
Nf4+ Kf7 48. g6+ Ke7 49. axb3 Rc1+ 50. Rf1 1-0

[Event "XXVIII Memorial Edoardo Crespi B"]
[Site "Milano ITA"]
[Date "2007.12.08"]
[Round "5"]
[White "Donadi, Luca"]
[Black "Fizzotti, Mario"]
[Result "1-0"]
[WhiteElo "1754"]
[BlackElo "1843"]
[PlyCount "151"]
[EventDate "2007.12.06"]

1. e4 e5 2. Nf3 Nf6 3. Nxe5 d6 4. Nf3 Nxe4 5. Qe2 Qe7 6. d3 Nf6 7. Nc3 Bg4 8.
Qxe7+ Bxe7 9. Be2 Nc6 10. Be3 O-O-O 11. O-O-O d5 12. d4 Ne4 13. Ne5 Nxe5 14.
dxe5 Bxe2 15. Nxe2 c5 16. c3 f5 17. f3 Bg5 18. Bxg5 Nxg5 19. Nf4 Rhe8 20. Rhe1
d4 21. cxd4 cxd4 22. h4 Ne6 23. Nxe6 Rxe6 24. f4 Rd5 25. Kd2 Kd7 26. Rc1 Rg6
27. Rg1 Rg3 28. Ke2 b6 29. Kf2 Re3 30. Rgd1 Re4 31. Kf3 a5 32. Rc2 Rc5 33. Re2
Rxe2 34. Rxd4+ Ke7 35. Kxe2 Rc2+ 36. Rd2 Rc4 37. g3 Re4+ 38. Kf2 a4 39. Kf3 Rb4
40. h5 Rc4 41. g4 fxg4+ 42. Kxg4 Rc1 43. Rh2 Rg1+ 44. Kf5 g6+ 45. hxg6 hxg6+
46. Ke4 Ke6 47. Rc2 Re1+ 48. Kf3 Rf1+ 49. Rf2 Rc1 50. Rg2 Rf1+ 51. Kg4 Kf7 52.
Kg5 Re1 53. Rd2 Rg1+ 54. Kh4 Ke6 55. Rd6+ Kf5 56. Rf6+ Ke4 57. e6 Rh1+ 58. Kg3
Rh8 59. Rxg6 Kf5 60. Rg5+ Kxe6 61. Rg6+ Kf5 62. Rxb6 Rg8+ 63. Kf3 Rh8 64. Rb5+
Kf6 65. b3 Rh2 66. bxa4 Rxa2 67. a5 Ra3+ 68. Kg4 Kg7 69. Kf5 Kf7 70. Rb7+ Kg8
71. Ra7 Ra4 72. a6 Ra5+ 73. Kf6 Ra4 74. f5 Ra5 75. Ra8+ Kh7 76. a7 1-0

[Event "XXVIII Memorial Edoardo Crespi B"]
[Site "Milano ITA"]
[Date "2007.12.08"]
[Round "5"]
[White "Falsetti, Paolo"]
[Black "Cervini, Gian Piero"]
[Result "1-0"]
[WhiteElo "1551"]
[BlackElo "1766"]
[PlyCount "69"]
[EventDate "2007.12.06"]

1. d4 Nf6 2. c4 g6 3. Nc3 Bg7 4. e4 d6 5. f3 O-O 6. Nge2 c5 7. Be3 cxd4 8. Nxd4
Nc6 9. Ndb5 a6 10. Na3 Qa5 11. Bd2 Qb6 12. Nc2 Be6 13. Rb1 Nd7 14. Na4 Qc7 15.
b4 Nce5 16. Nb2 Rfc8 17. Ne3 Nb6 18. Nd5 Bxd5 19. cxd5 Nbc4 20. Nxc4 Nxc4 21.
Rc1 b5 22. Be3 a5 23. Bxc4 bxc4 24. b5 a4 25. b6 Qb7 26. Qe2 Qa6 27. O-O c3 28.
Qxa6 Rxa6 29. f4 a3 30. e5 dxe5 31. Rxc3 Rd8 32. b7 exf4 33. Rc8 fxe3 34. Rxd8+
Bf8 35. b8=Q 1-0

[Event "XXVIII Memorial Edoardo Crespi B"]
[Site "Milano ITA"]
[Date "2007.12.08"]
[Round "5"]
[White "Gandolfi, Gianfranco"]
[Black "Bondi', Fabio"]
[Result "1-0"]
[WhiteElo "1856"]
[BlackElo "1820"]
[PlyCount "61"]
[EventDate "2007.12.06"]

1. e4 c5 2. Nf3 e6 3. d4 cxd4 4. Nxd4 a6 5. Bd3 Qc7 6. O-O Nc6 7. Be3 Nf6 8.
Nxc6 dxc6 9. f4 e5 10. f5 h5 11. h3 Bd7 12. a4 c5 13. Qe2 Bc6 14. Nc3 O-O-O 15.
Qf2 Rd4 16. Qf3 Rd8 17. a5 h4 18. Na4 Rd4 19. Nb6+ Kb8 20. Bxd4 exd4 21. Nc4
Nh5 22. Qg4 Ng3 23. Rf2 Ka7 24. Qf4 Qc8 25. Nb6 Qd8 26. e5 Rh6 27. Re1 Be7 28.
f6 gxf6 29. Qxh6 fxe5 30. Rxe5 Bg5 31. Qxg5 1-0

[Event "XXVIII Memorial Edoardo Crespi B"]
[Site "Milano ITA"]
[Date "2007.12.08"]
[Round "5"]
[White "Gatta, Luca"]
[Black "D'Apa, Massimo"]
[Result "1/2-1/2"]
[WhiteElo "1578"]
[BlackElo "1704"]
[PlyCount "84"]
[EventDate "2007.12.06"]

1. d4 Nf6 2. c3 g6 3. Nf3 Bg7 4. Bf4 O-O 5. Nbd2 d6 6. e3 Nbd7 7. Bd3 Re8 8.
Qc2 e5 9. dxe5 dxe5 10. Bg5 Qe7 11. Ne4 h6 12. Nxf6+ Nxf6 13. Bxf6 Qxf6 14. O-O
Bg4 15. Be2 Qe6 16. Rfd1 Rad8 17. Qb3 Qc8 18. h3 Bxf3 19. Bxf3 e4 20. Bg4 Qb8
21. Rxd8 Rxd8 22. Rd1 Rxd1+ 23. Qxd1 h5 24. Be2 Qe8 25. Bc4 b5 26. Bb3 a5 27.
Qd5 c6 28. Qd6 a4 29. Bc2 Be5 30. Qd2 f5 31. h4 Qe7 32. g3 Kh7 33. b3 a3 34. c4
b4 35. Qd1 Qd6 36. Qxd6 Bxd6 37. Kg2 c5 38. f3 exf3+ 39. Kxf3 Kg7 40. e4 Kf6
41. exf5 gxf5 42. Kf2 Kg6 1/2-1/2

[Event "XXVIII Memorial Edoardo Crespi B"]
[Site "Milano ITA"]
[Date "2007.12.08"]
[Round "5"]
[White "Manca, Renato"]
[Black "Guerra, Efrain"]
[Result "1-0"]
[WhiteElo "1843"]
[BlackElo "1900"]
[PlyCount "58"]
[EventDate "2007.12.06"]

1. d4 Nf6 2. Nc3 g6 3. e4 d6 4. Bg5 Bg7 5. Qd2 Nc6 6. O-O-O h6 7. Be3 Ng4 8. h3
Nxe3 9. fxe3 h5 10. Kb1 a6 11. Bc4 b5 12. Bd5 Bd7 13. e5 dxe5 14. dxe5 Bxe5 15.
Qf2 Qc8 16. Qxf7+ Kd8 17. Bxc6 Bd6 18. Bxa8 Qxa8 19. Nf3 Qc6 20. Nd4 Qxg2 21.
e4 e5 22. Qf6+ Kc8 23. Qxh8+ Kb7 24. Nb3 b4 25. Na5+ Ka7 26. Rhg1 Qf3 27. Rgf1
Qxh3 28. Nd5 Bb5 29. Rh1 Qf3 1-0

[Event "XXVIII Memorial Edoardo Crespi B"]
[Site "Milano ITA"]
[Date "2007.12.08"]
[Round "5"]
[White "Marcangeli, Alessandro"]
[Black "Brighenti, Alessandro"]
[Result "0-1"]
[WhiteElo "1712"]
[BlackElo "1614"]
[PlyCount "88"]
[EventDate "2007.12.06"]

1. d4 Nf6 2. Nf3 g6 3. Bf4 Bg7 4. h3 O-O 5. e3 c5 6. c3 Qb6 7. Qc1 d6 8. Nbd2
Bf5 9. Nh4 Be6 10. Nhf3 Bf5 11. Be2 Nc6 12. Nc4 Qd8 13. dxc5 dxc5 14. O-O Qc8
15. Rd1 b5 16. Nce5 c4 17. Nxc6 Qxc6 18. Nd4 Qb7 19. Nxf5 gxf5 20. Be5 Ne4 21.
Bxg7 Kxg7 22. Qc2 Rad8 23. Rxd8 Rxd8 24. Rd1 Rxd1+ 25. Qxd1 f6 26. Bf3 a6 27.
Qd4 e6 28. Bxe4 fxe4 29. Qd6 Kf7 30. Qd8 Qd5 31. Qxd5 exd5 32. f3 exf3 33. gxf3
Ke6 34. Kf2 Ke5 35. Ke2 a5 36. a3 h6 37. Kf2 Kf5 38. Kg3 Kg5 39. f4+ Kf5 40.
Kf3 a4 41. h4 h5 42. Kg3 Ke4 43. Kf2 Kd3 44. Kf3 f5 0-1

[Event "XXVIII Memorial Edoardo Crespi B"]
[Site "Milano ITA"]
[Date "2007.12.08"]
[Round "5"]
[White "Martelli, Tommaso"]
[Black "Crippa, Oscar"]
[Result "1-0"]
[WhiteElo "1872"]
[BlackElo "1727"]
[PlyCount "37"]
[EventDate "2007.12.06"]

1. e4 e6 2. d4 d5 3. Nc3 Nf6 4. e5 Nfd7 5. f4 c5 6. Nf3 Nc6 7. Be3 Qb6 8. Qd2
cxd4 9. Nxd4 Nxd4 10. Bxd4 Qd8 11. Bd3 Bc5 12. Bxc5 Nxc5 13. Nb5 O-O 14. Nd6 b6
15. O-O Nb7 16. Nxc8 Rxc8 17. f5 Nc5 18. f6 Nxd3 19. Qg5 1-0

[Event "XXVIII Memorial Edoardo Crespi B"]
[Site "Milano ITA"]
[Date "2007.12.08"]
[Round "5"]
[White "Pietralunga, Vittorio"]
[Black "Olivo, Mario"]
[Result "0-1"]
[WhiteElo "1625"]
[BlackElo "1887"]
[PlyCount "92"]
[EventDate "2007.12.06"]

1. e4 c5 2. Bc4 e6 3. Nc3 Nc6 4. Nf3 d6 5. d3 Nf6 6. O-O Be7 7. Re1 O-O 8. Bg5
a6 9. Qe2 b5 10. Bb3 b4 11. Nd1 a5 12. Ba4 Qc7 13. Bxc6 Qxc6 14. e5 dxe5 15.
Nxe5 Qc7 16. Qf3 Bb7 17. Qg3 Nh5 18. Qg4 Bxg5 19. Qxh5 f6 20. Nf3 Bxf3 21. Qxf3
e5 22. c3 Rad8 23. Ne3 Rxd3 24. Rad1 Rxd1 25. Rxd1 Bxe3 26. Qxe3 Rd8 27. Rxd8+
Qxd8 28. g3 Qd5 29. b3 h6 30. c4 Qd4 31. Qxd4 exd4 32. Kf1 Kf7 33. Ke2 Ke6 34.
Kd3 g5 35. g4 Ke5 36. f3 f5 37. h3 fxg4 38. hxg4 Kf4 39. Ke2 d3+ 40. Kxd3 Kxf3
41. Kd2 Kxg4 42. Ke2 Kf4 43. Kf2 h5 44. Kg2 g4 45. Kh2 Kf3 46. a3 bxa3 0-1

[Event "XXVIII Memorial Edoardo Crespi B"]
[Site "Milano ITA"]
[Date "2007.12.08"]
[Round "5"]
[White "Poletto, Daniele"]
[Black "Pohossov, Eduard"]
[Result "1/2-1/2"]
[WhiteElo "1815"]
[BlackElo "1464"]
[PlyCount "107"]
[EventDate "2007.12.06"]

1. c4 e5 2. Nc3 Nf6 3. g3 Be7 4. Bg2 O-O 5. Nf3 d6 6. O-O c6 7. d4 e4 8. Nd2 d5
9. e3 Ng4 10. cxd5 cxd5 11. Qb3 Nf6 12. f3 exf3 13. Bxf3 Bh3 14. Re1 Qd7 15.
Nxd5 Nxd5 16. Qxd5 Nc6 17. Qxd7 Bxd7 18. a3 Kh8 19. Nb3 Rab8 20. e4 g5 21. Be3
Kg8 22. Bg2 b6 23. Rac1 a5 24. Nd2 h6 25. Rf1 Rfd8 26. e5 Rdc8 27. Ne4 Nd8 28.
Rxc8 Bxc8 29. Nf6+ Kh8 30. h4 Ba6 31. Rf2 Ne6 32. d5 Bc5 33. Bxc5 Nxc5 34. hxg5
hxg5 35. Rf5 Bd3 36. Rxg5 Bg6 37. Bf1 b5 38. Rg4 Kg7 39. b4 Nb3 40. bxa5 Nd2
41. Kf2 Ra8 42. Bxb5 Rxa5 43. Bd3 Rxa3 44. Bxg6 fxg6 45. d6 Ra2 46. Ke3 Nf1+
47. Kd4 Ra4+ 48. Kc3 Ra8 49. Nh5+ Kh6 50. Nf4 g5 51. Ne6 Ne3 52. Rd4 Nf5 53.
Rd3 Ng7 54. Nxg7 1/2-1/2

[Event "XXVIII Memorial Edoardo Crespi B"]
[Site "Milano ITA"]
[Date "2007.12.08"]
[Round "5"]
[White "Raineri, Pieroberto"]
[Black "Squarci, Franco"]
[Result "0-1"]
[WhiteElo "1614"]
[BlackElo "1831"]
[PlyCount "62"]
[EventDate "2007.12.06"]

1. d4 Nf6 2. c4 e6 3. Nf3 b6 4. g3 Bb7 5. Bg2 Be7 6. O-O O-O 7. Nc3 c6 8. Bf4
d6 9. Qc2 Nbd7 10. e4 Rc8 11. Rad1 d5 12. Qa4 Ra8 13. cxd5 cxd5 14. e5 Ne8 15.
Rc1 a6 16. a3 b5 17. Qb3 Nb6 18. Nd2 Bc6 19. Nce4 Nc4 20. Nc5 a5 21. Qd3 Nxb2
22. Qf3 Nc4 23. Nxc4 bxc4 24. Qg4 Bxc5 25. dxc5 Ba4 26. Rfd1 Bxd1 27. Qxd1 Nc7
28. Qg4 Ra7 29. Bh6 Ne8 30. Rxc4 dxc4 31. Bc6 f5 0-1

[Event "XXVIII Memorial Edoardo Crespi B"]
[Site "Milano ITA"]
[Date "2007.12.08"]
[Round "5"]
[White "Tassini, Marco"]
[Black "Cino, Marco"]
[Result "0-1"]
[WhiteElo "1885"]
[BlackElo "1658"]
[PlyCount "60"]
[EventDate "2007.12.06"]

1. d4 Nf6 2. c4 e6 3. Nc3 c5 4. d5 exd5 5. cxd5 d6 6. e4 g6 7. f4 Qe7 8. Bd3
Bg7 9. Nf3 O-O 10. O-O Bg4 11. Be3 Nfd7 12. h3 Bxf3 13. Qxf3 Na6 14. a3 Nc7 15.
Rac1 Rfc8 16. Rfd1 a6 17. e5 Ne8 18. Ne4 b6 19. Rc2 dxe5 20. f5 Nd6 21. fxg6
hxg6 22. Rf2 Nxe4 23. Bxe4 f5 24. Bc2 Qd6 25. Bg5 e4 26. Bxe4 Bd4 27. Rxd4 cxd4
28. Bd3 Qf8 29. Re2 Nc5 30. Bc4 Ne4 0-1

[Event "XXVIII Memorial Edoardo Crespi B"]
[Site "Milano ITA"]
[Date "2007.12.08"]
[Round "5"]
[White "Versari, Marino"]
[Black "D'Aulisa, Francesco"]
[Result "0-1"]
[WhiteElo "1530"]
[BlackElo "1852"]
[PlyCount "67"]
[EventDate "2007.12.06"]

1. d4 e6 2. c4 d6 3. Nf3 h6 4. e4 Nd7 5. Nc3 b6 6. Bd3 Ne7 7. O-O Bb7 8. Re1 g5
9. Be3 a6 10. b3 Bg7 11. Rc1 e5 12. d5 Ng6 13. Ne2 Bc8 14. Rf1 Bf6 15. Ng3 Be7
16. Nf5 Nf6 17. h3 Bd7 18. Nh2 Qc8 19. Ng4 Bxf5 20. Nxf6+ Bxf6 21. exf5 Nf4 22.
Be4 Rg8 23. Kh2 g4 24. hxg4 h5 25. gxh5 Nxh5 26. g4 Ng7 27. Kg2 Nxf5 28. Bxf5
Qxf5 29. f3 Ke7 30. Kf2 Rxg4 31. Ke2 Rg2+ 32. Rf2 Rxf2+ 33. Kxf2 Bh4+ 34. Kf1
0-1

[Event "XXVIII Memorial Edoardo Crespi B"]
[Site "Milano ITA"]
[Date "2007.12.08"]
[Round "5"]
[White "Villalba, Fernando"]
[Black "Casadio, Alviero"]
[Result "1/2-1/2"]
[WhiteElo "1891"]
[BlackElo "1787"]
[PlyCount "68"]
[EventDate "2007.12.06"]

1. d4 d5 2. Nf3 e6 3. Bf4 Bd6 4. Ne5 c6 5. e3 Nf6 6. Nd2 Bc7 7. Be2 Nbd7 8. O-O
O-O 9. c4 Nxe5 10. dxe5 Nd7 11. Nf3 f5 12. cxd5 cxd5 13. Rc1 Bb6 14. Bg5 Qe8
15. Bb5 Bd8 16. Bf4 a6 17. Qa4 Qf7 18. Be2 Nb6 19. Qb3 Bd7 20. h3 Ba4 21. Qb4
Bd7 22. b3 Qe7 23. Qxe7 Bxe7 24. Rc7 Rab8 25. Rfc1 Rfc8 26. Nd4 Rxc7 27. Rxc7
Bd8 28. Rc2 Rc8 29. Rxc8 Nxc8 30. a4 Na7 31. g4 g6 32. gxf5 gxf5 33. Bg3 Nc6
34. f4 Nxd4 1/2-1/2

[Event "XXVIII Memorial Edoardo Crespi B"]
[Site "Milano ITA"]
[Date "2007.12.09"]
[Round "6"]
[White "Bondi', Fabio"]
[Black "Casadio, Alviero"]
[Result "1/2-1/2"]
[WhiteElo "1820"]
[BlackElo "1787"]
[PlyCount "82"]
[EventDate "2007.12.06"]

1. d4 d5 2. Bf4 e6 3. e3 Bd6 4. Bg3 c6 5. Nd2 Bc7 6. Ngf3 f5 7. c4 Nf6 8. Bd3
O-O 9. O-O Bd7 10. Ne5 Be8 11. Qb3 b6 12. Rac1 Nh5 13. cxd5 cxd5 14. Ndf3 Nxg3
15. hxg3 Bh5 16. Rc3 Bxf3 17. Nxf3 Bd6 18. Rfc1 Nd7 19. Ba6 Qe7 20. Qa4 Nf6 21.
Rc6 Rfd8 22. Bc8 Rb8 23. Qb5 Qe8 24. Qa6 h6 25. Ne5 Kh7 26. Nf3 Ng8 27. R6c2
Nf6 28. Bb7 Qe7 29. Bc6 Rdc8 30. a3 Rc7 31. Bb5 Rbc8 32. Bc6 Nd7 33. Qe2 Nb8
34. Ba4 Rxc2 35. Rxc2 Rxc2 36. Bxc2 Kg8 37. Nh4 g5 38. Nf3 Kg7 39. Qd3 g4 40.
Nh4 Qf6 41. Qb5 Qf7 1/2-1/2

[Event "XXVIII Memorial Edoardo Crespi B"]
[Site "Milano ITA"]
[Date "2007.12.09"]
[Round "6"]
[White "Carbone, Lorenzo"]
[Black "Di Chiara, Mauro"]
[Result "1-0"]
[WhiteElo "1755"]
[BlackElo "1747"]
[PlyCount "71"]
[EventDate "2007.12.06"]

1. e4 c5 2. Nf3 Nc6 3. c4 d6 4. d4 cxd4 5. Nxd4 g6 6. Be2 Bg7 7. Nb3 Nf6 8. Nc3
O-O 9. O-O a6 10. Be3 h5 11. h3 Re8 12. f4 e6 13. Bf3 Qc7 14. Qd2 Ne7 15. Na4
Nd7 16. c5 Nxc5 17. Naxc5 dxc5 18. Bxc5 Rd8 19. Qf2 Rd7 20. e5 Nd5 21. Be4 b5
22. Bd6 Rxd6 23. exd6 Qxd6 24. Rac1 Rb8 25. Rfd1 Bb7 26. Nc5 Ba8 27. b4 Qxf4
28. Bxd5 Bd4 29. Qxd4 Qxd4+ 30. Rxd4 Bxd5 31. Nxa6 Ra8 32. Nc7 Rc8 33. a3 f5
34. Rc5 Bc4 35. Nxe6 Re8 36. Rd8 1-0

[Event "XXVIII Memorial Edoardo Crespi B"]
[Site "Milano ITA"]
[Date "2007.12.09"]
[Round "6"]
[White "Cartella, Giovanni"]
[Black "Landais, Federico"]
[Result "1/2-1/2"]
[WhiteElo "1868"]
[BlackElo "1795"]
[PlyCount "63"]
[EventDate "2007.12.06"]

1. d4 Nf6 2. Nf3 g6 3. Bg5 Ne4 4. Bf4 Bg7 5. e3 d6 6. Bd3 Nf6 7. h3 O-O 8. c3
Nbd7 9. g4 c6 10. Nbd2 Re8 11. Qc2 e5 12. dxe5 dxe5 13. Bg5 Qa5 14. Nc4 Qc7 15.
Be2 b5 16. Ncd2 a6 17. Bh4 Qa5 18. a4 Qb6 19. b4 Bb7 20. a5 Qa7 21. O-O Rac8
22. Ng5 c5 23. Qb3 c4 24. Qc2 Nd5 25. Nde4 Rc6 26. Rad1 N7f6 27. Nxf6+ Nxf6 28.
Bf3 Rcc8 29. Ne4 Bxe4 30. Bxe4 Red8 31. Bg2 Qc7 32. Rxd8+ 1/2-1/2

[Event "XXVIII Memorial Edoardo Crespi B"]
[Site "Milano ITA"]
[Date "2007.12.09"]
[Round "6"]
[White "Cervini, Gian Piero"]
[Black "Albrizio, Mauro"]
[Result "1-0"]
[WhiteElo "1766"]
[BlackElo "1692"]
[PlyCount "99"]
[EventDate "2007.12.06"]

1. e4 e6 2. d4 d5 3. Nc3 Bb4 4. a3 Bxc3+ 5. bxc3 Nf6 6. e5 Nfd7 7. Qg4 Qe7 8.
Qxg7 Qf8 9. Qxf8+ Nxf8 10. Ne2 Ng6 11. Ng3 Nd7 12. Bd3 O-O 13. O-O c5 14. Bg5
c4 15. Be2 f6 16. Bh6 Re8 17. f4 f5 18. Nh5 Kf7 19. Rf3 Rg8 20. Raf1 Nh4 21.
Rg3 Rxg3 22. hxg3 Ng6 23. g4 Ne7 24. g5 Ng8 25. Bg7 Nf8 26. g4 Bd7 27. Rf2 Ng6
28. Bf6 N8e7 29. Bg7 fxg4 30. Bxg4 Nf5 31. Bxf5 exf5 32. Nf6 Kxg7 33. Nxd7 h5
34. gxh6+ Kxh6 35. Nf6 Ne7 36. Rh2+ Kg6 37. Rh7 Ng8 38. Rh8 Kf7 39. Rxg8 Rxg8+
40. Nxg8 Kxg8 41. Kg2 Kf7 42. Kg3 Kg6 43. Kh4 Kh6 44. e6 Kg6 45. e7 Kf7 46. Kg5
Kxe7 47. Kxf5 Kd6 48. Kf6 b5 49. f5 a5 50. Kg7 1-0

[Event "XXVIII Memorial Edoardo Crespi B"]
[Site "Milano ITA"]
[Date "2007.12.09"]
[Round "6"]
[White "Cetta, Andrea"]
[Black "Acunzo, Domenico"]
[Result "1-0"]
[WhiteElo "1727"]
[BlackElo "1775"]
[PlyCount "65"]
[EventDate "2007.12.06"]

1. d4 e6 2. c4 f5 3. g3 Nf6 4. Bg2 d5 5. Nf3 c6 6. O-O Bd6 7. b3 Qe7 8. Bb2 O-O
9. Ne5 Nbd7 10. Nd2 Ne4 11. f3 Ng5 12. e4 Nxe5 13. dxe5 Bc5+ 14. Kh1 fxe4 15.
fxe4 Rxf1+ 16. Qxf1 dxc4 17. Nxc4 a5 18. Rd1 Nf7 19. Qf4 b5 20. Nd6 Ba6 21. Qc1
Bxd6 22. exd6 Qd7 23. Qc3 e5 24. Qxa5 Bb7 25. Qc7 Rd8 26. Qxd7 Rxd7 27. Ba3 Ng5
28. h4 Nf7 29. Bh3 Rd8 30. d7 c5 31. Bxc5 Bxe4+ 32. Kg1 Ra8 33. Be6 1-0

[Event "XXVIII Memorial Edoardo Crespi B"]
[Site "Milano ITA"]
[Date "2007.12.09"]
[Round "6"]
[White "Coladangelo, Andrea"]
[Black "Cino, Marco"]
[Result "0-1"]
[WhiteElo "1809"]
[BlackElo "1658"]
[PlyCount "32"]
[EventDate "2007.12.06"]

1. e4 c5 2. Nf3 d6 3. d4 cxd4 4. Nxd4 Nf6 5. Nc3 a6 6. Bg5 e6 7. f4 Nbd7 8. Qf3
Qc7 9. O-O-O Be7 10. g4 O-O 11. Bxf6 Nxf6 12. g5 Ne8 13. Qh5 Qc5 14. Rg1 b5 15.
Rg3 h6 16. gxh6 Qxh5 0-1

[Event "XXVIII Memorial Edoardo Crespi B"]
[Site "Milano ITA"]
[Date "2007.12.09"]
[Round "6"]
[White "Costanza, Calogero"]
[Black "Tassini, Marco"]
[Result "0-1"]
[WhiteElo "1655"]
[BlackElo "1885"]
[PlyCount "80"]
[EventDate "2007.12.06"]

1. d4 Nf6 2. c4 c5 3. d5 e6 4. Nc3 exd5 5. cxd5 d6 6. e4 g6 7. Bd3 Bg7 8. Nge2
O-O 9. O-O Nbd7 10. Bf4 Ne8 11. Qd2 Ne5 12. Bxe5 Bxe5 13. f4 Bg7 14. Rae1 Qh4
15. Nd1 Nf6 16. Nf2 Re8 17. g3 Qh6 18. Kh1 Bd7 19. Qc1 Bg4 20. Ng1 Qh5 21. Kg2
a6 22. h3 Bd7 23. Be2 Qh6 24. Qc2 b5 25. b3 a5 26. Bg4 a4 27. Bxd7 Nxd7 28. Ng4
Qh5 29. Qe2 f5 30. Qxb5 fxg4 31. Qxd7 gxh3+ 32. Nxh3 axb3 33. axb3 Bd4 34. Nf2
Reb8 35. Qc7 g5 36. Rh1 Qg6 37. f5 Qg7 38. Qxg7+ Kxg7 39. Ng4 Rh8 40. Rhf1 Rhb8
0-1

[Event "XXVIII Memorial Edoardo Crespi B"]
[Site "Milano ITA"]
[Date "2007.12.09"]
[Round "6"]
[White "Crippa, Oscar"]
[Black "Colombo, Luca"]
[Result "0-1"]
[WhiteElo "1727"]
[BlackElo "1791"]
[PlyCount "107"]
[EventDate "2007.12.06"]

1. e4 c5 2. d4 cxd4 3. c3 Nf6 4. e5 Nd5 5. cxd4 d6 6. Bb5+ Bd7 7. Bxd7+ Qxd7 8.
Nf3 e6 9. O-O Be7 10. Nbd2 O-O 11. Ne4 Nc6 12. Bd2 Rac8 13. a3 Rfd8 14. Rc1 Nb6
15. Qe2 d5 16. Nc5 Bxc5 17. dxc5 Nc4 18. Bg5 Re8 19. Qd3 Qc7 20. b4 N6xe5 21.
Nxe5 Nxe5 22. Qd4 Nc4 23. Rc3 Qe5 24. Rxc4 Qxg5 25. Rc3 Qf6 26. Qd2 a6 27. Rfc1
Rc7 28. Rf3 Qe7 29. Qd4 Rec8 30. Rfc3 Qd7 31. Rg3 g6 32. h4 Qe7 33. h5 Rf8 34.
Rf3 f5 35. hxg6 hxg6 36. Rh3 Qf6 37. Qf4 e5 38. Qh2 Rff7 39. Re1 f4 40. Kf1 Rh7
41. Qg1 Rxh3 42. gxh3 e4 43. Qg4 Qf5 44. Rd1 Qxg4 45. hxg4 Rd7 46. a4 Kf7 47.
Ke2 Ke6 48. Rh1 d4 49. f3 d3+ 50. Kd2 e3+ 51. Kd1 Rd4 52. b5 axb5 53. axb5 Ra4
54. Kc1 0-1

[Event "XXVIII Memorial Edoardo Crespi B"]
[Site "Milano ITA"]
[Date "2007.12.09"]
[Round "6"]
[White "D'Aulisa, Francesco"]
[Black "Alidosi, Marco"]
[Result "1/2-1/2"]
[WhiteElo "1852"]
[BlackElo "1512"]
[PlyCount "104"]
[EventDate "2007.12.06"]

1. e4 c5 2. Nf3 e6 3. d4 cxd4 4. Nxd4 a6 5. Bd3 Qc7 6. O-O Bc5 7. Nf3 Nc6 8.
Nbd2 b5 9. c4 bxc4 10. Nxc4 Nge7 11. b3 d6 12. h3 O-O 13. Qd2 e5 14. Qg5 Be6
15. Ne3 Qd7 16. Nf5 Bxf5 17. exf5 f6 18. Qg4 Kh8 19. Nh4 Nb4 20. Be4 Rad8 21.
Qh5 Qe8 22. Ng6+ Kg8 23. Qg4 hxg6 24. fxg6 f5 25. Qh5 Qxg6 26. Qxg6 Nxg6 27.
Bf3 Nc2 28. Rb1 e4 29. Be2 a5 30. Bd2 Bb4 31. Bg5 Rc8 32. Bc4+ Kh7 33. Rbd1 Bc5
34. Rd2 Nb4 35. Be3 Bxe3 36. fxe3 Rcd8 37. a3 Nc6 38. Be6 f4 39. Rd5 Nce5 40.
Rxa5 Rf6 41. Bd5 Rdf8 42. Bxe4 fxe3 43. Re1 Kh6 44. Rxe3 Ne7 45. Ra7 Nf5 46.
Bxf5 Rxf5 47. Ra6 R5f6 48. b4 Rc8 49. b5 Rc2 50. a4 Nc4 51. Rg3 Rc1+ 52. Kh2
Ra1 1/2-1/2